[Event "DVM U20 2023"]
[Site "Magdeburg GER"]
[Date "2023.12.30"]
[Round "7"]
[White "Pivtorak, Illia"]
[Black "Ahlbrecht, Malte"]
[Result "0-1"]
[Termination "normal"]
[Board "3.5"]
[WhiteElo "1684"]
[BlackElo "1727"]
[WhiteClock "00:18:47"]
[BlackClock "00:16:52"]
[WhiteTeam "SK König Plauen"]
[BlackTeam "SK Lehrte 1919"]
[PlyCount "104"]
[WhiteFideId "14194317"]
[BlackFideId "34620001"]
[EventCountry "GER"]
[EventRounds "7"]
[EventType "team-swiss"]
[EventDate "2023.12.26"]

1. d4 {[%clk 01:30:43]} {[%emt 00:00:16]} Nf6 {[%clk 01:30:59]} {[%emt
00:00:01]} 2. Bf4 {[%clk 01:31:05]} {[%emt 00:00:08]} c5 {[%clk 01:31:24]}
{[%emt 00:00:05]} 3. e3 {[%clk 01:31:27]} {[%emt 00:00:07]} g6 {[%clk
01:31:38]} {[%emt 00:00:17]} 4. Nf3 {[%clk 01:30:24]} {[%emt 00:01:34]} Bg7
{[%clk 01:32:07]} {[%emt 00:00:02]} 5. c3 {[%clk 01:30:35]} {[%emt 00:00:18]}
b6 {[%clk 01:30:38]} {[%emt 00:01:59]} 6. Bd3 {[%clk 01:19:46]} {[%emt
00:11:19]} Bb7 {[%clk 01:29:35]} {[%emt 00:01:33]} 7. O-O {[%clk 01:19:35]}
{[%emt 00:00:40]} O-O {[%clk 01:29:53]} {[%emt 00:00:12]} 8. Nbd2 {[%clk
01:18:20]} {[%emt 00:01:45]} d5 {[%clk 01:27:38]} {[%emt 00:02:46]} 9. c4
{[%clk 01:07:20]} {[%emt 00:11:30]} Nc6 {[%clk 01:18:12]} {[%emt 00:09:56]} 10.
dxc5 {[%clk 00:59:52]} {[%emt 00:07:57]} bxc5 {[%clk 01:10:56]} {[%emt
00:07:46]} 11. Qb3 {[%clk 00:53:05]} {[%emt 00:07:16]} Na5 {[%clk 01:00:57]}
{[%emt 00:10:29]} 12. Qc2 {[%clk 00:51:37]} {[%emt 00:01:59]} Qb6 {[%clk
00:46:13]} {[%emt 00:15:14]} 13. Rfc1 {[%clk 00:33:59]} {[%emt 00:18:08]} Rac8
{[%clk 00:36:21]} {[%emt 00:10:21]} 14. Rab1 {[%clk 00:32:16]} {[%emt
00:02:14]} Rfd8 {[%clk 00:25:29]} {[%emt 00:11:22]} 15. b4 {[%clk 00:25:03]}
{[%emt 00:07:42]} cxb4 {[%clk 00:08:43]} {[%emt 00:17:16]} 16. c5 {[%clk
00:25:24]} {[%emt 00:00:10]} Qc6 {[%clk 00:03:01]} {[%emt 00:06:12]} 17. Ne5
{[%clk 00:18:50]} {[%emt 00:07:04]} Qe8 {[%clk 00:03:27]} {[%emt 00:00:05]} 18.
Rxb4 {[%clk 00:17:35]} {[%emt 00:01:44]} Nh5 {[%clk 00:02:21]} {[%emt
00:01:36]} 19. Bb5 {[%clk 00:16:59]} {[%emt 00:01:07]} Nc6 {[%clk 00:02:07]}
{[%emt 00:00:44]} 20. Ndf3 {[%clk 00:15:43]} {[%emt 00:01:45]} Nxb4 {[%clk
00:01:13]} {[%emt 00:01:25]} 21. Bxe8 {[%clk 00:14:10]} {[%emt 00:02:02]} Nxc2
{[%clk 00:01:42]} {[%emt 00:00:01]} 22. Bxf7+ {[%clk 00:14:37]} {[%emt
00:00:02]} Kf8 {[%clk 00:01:40]} {[%emt 00:00:33]} 23. Ng5 {[%clk 00:13:44]}
{[%emt 00:01:23]} Bxe5 {[%clk 00:01:22]} {[%emt 00:00:47]} 24. Bxe5 {[%clk
00:14:04]} {[%emt 00:00:11]} h6 {[%clk 00:01:18]} {[%emt 00:00:35]} 25. Bxg6
{[%clk 00:14:04]} {[%emt 00:00:28]} hxg5 {[%clk 00:01:21]} {[%emt 00:00:28]}
26. Bxh5 {[%clk 00:14:27]} {[%emt 00:00:06]} Rxc5 {[%clk 00:01:08]} {[%emt
00:00:43]} 27. Bg4 {[%clk 00:13:37]} {[%emt 00:01:20]} Rc4 {[%clk 00:01:00]}
{[%emt 00:00:39]} 28. Be2 {[%clk 00:12:44]} {[%emt 00:01:22]} Nxe3 {[%clk
00:01:10]} {[%emt 00:00:21]} 29. Rb1 {[%clk 00:12:31]} {[%emt 00:00:43]} Rc2
{[%clk 00:00:56]} {[%emt 00:00:43]} 30. Bd3 {[%clk 00:11:29]} {[%emt 00:01:31]}
Rd2 {[%clk 00:01:02]} {[%emt 00:00:26]} 31. fxe3 {[%clk 00:11:32]} {[%emt
00:00:26]} Rxd3 {[%clk 00:01:17]} {[%emt 00:00:16]} 32. Rxb7 {[%clk 00:10:19]}
{[%emt 00:01:43]} Rd1+ {[%clk 00:01:46]} {[%emt 00:00:01]} 33. Kf2 {[%clk
00:10:34]} {[%emt 00:00:14]} Rd2+ {[%clk 00:02:16]} 34. Kf3 {[%clk 00:10:26]}
{[%emt 00:00:38]} Rxa2 {[%clk 00:02:22]} {[%emt 00:00:25]} 35. Rb4 {[%clk
00:10:17]} {[%emt 00:00:38]} Rc8 {[%clk 00:02:09]} {[%emt 00:00:44]} 36. h4
{[%clk 00:09:28]} {[%emt 00:01:18]} Rcc2 {[%clk 00:01:47]} {[%emt 00:00:53]}
37. h5 {[%clk 00:08:22]} {[%emt 00:01:36]} Rf2+ {[%clk 00:01:55]} {[%emt
00:00:22]} 38. Kg4 {[%clk 00:08:45]} {[%emt 00:00:07]} Rxg2+ {[%clk 00:01:52]}
{[%emt 00:00:32]} 39. Kf5 {[%clk 00:09:10]} {[%emt 00:00:06]} Kf7 {[%clk
00:02:07]} {[%emt 00:00:15]} 40. Bd4 {[%clk 00:06:38]} {[%emt 00:03:02]} Raf2+
{[%clk 00:00:46]} {[%emt 00:01:51]} 41. Ke5 {[%clk 00:06:47]} {[%emt 00:00:20]}
Rh2 {[%clk 00:00:42]} {[%emt 00:00:35]} 42. Bxa7 {[%clk 00:02:34]} {[%emt
00:04:43]} Rxh5 {[%clk 00:26:00]} {[%emt 00:05:11]} 43. Rg4 {[%clk 00:28:07]}
{[%emt 00:04:57]} e6 {[%clk 00:25:54]} {[%emt 00:00:35]} 44. Kd6 {[%clk
00:26:39]} {[%emt 00:01:58]} Kf6 {[%clk 00:20:21]} {[%emt 00:06:03]} 45. Rb4
{[%clk 00:25:47]} {[%emt 00:01:23]} Ra2 {[%clk 00:17:23]} {[%emt 00:03:19]} 46.
Bd4 {[%clk 00:19:28]} {[%emt 00:06:57]} Kf5 {[%clk 00:17:44]} {[%emt 00:00:11]}
47. Rb6 {[%clk 00:18:40]} {[%emt 00:01:18]} Rh6 {[%clk 00:17:05]} {[%emt
00:01:08]} 48. Rb7 {[%clk 00:17:59]} {[%emt 00:01:10]} e5+ {[%clk 00:16:10]}
{[%emt 00:01:25]} 49. Kxd5 {[%clk 00:18:11]} {[%emt 00:00:19]} exd4 {[%clk
00:16:33]} {[%emt 00:00:07]} 50. exd4 {[%clk 00:18:17]} {[%emt 00:00:24]} Ra5+
{[%clk 00:16:56]} {[%emt 00:00:05]} 51. Kc4 {[%clk 00:18:41]} {[%emt 00:00:07]}
Rd6 {[%clk 00:16:37]} {[%emt 00:00:48]} 52. Rf7+ {[%clk 00:18:47]} {[%emt
00:00:26]} Kg4 {[%clk 00:16:52]} {[%emt 00:00:15]} 0-1

[Event "DVM U20 2023"]
[Site "Magdeburg GER"]
[Date "2023.12.30"]
[Round "7"]
[White "Kosmehl, Konrad"]
[Black "Bühring, Marwin"]
[Result "0-1"]
[Termination "normal"]
[Board "3.6"]
[WhiteElo "1193"]
[BlackElo "1427"]
[WhiteClock "00:30:24"]
[BlackClock "00:19:33"]
[WhiteTeam "SK Lehrte 1919"]
[BlackTeam "SK König Plauen"]
[PlyCount "59"]
[WhiteFideId "16283120"]
[BlackFideId "16281985"]
[EventCountry "GER"]
[EventRounds "7"]
[EventType "team-swiss"]
[EventDate "2023.12.26"]

1. d4 {[%clk 01:30:59]} Nf6 {[%clk 01:30:55]} {[%emt 00:00:05]} 2. Bf4 {[%clk
01:31:24]} {[%emt 00:00:06]} c5 {[%clk 01:30:55]} {[%emt 00:00:29]} 3. e3
{[%emt 00:00:21]} g6 {[%emt 00:00:45]} 4. Nf3 {[%emt 00:00:15]} Bg7 {[%emt
00:00:41]} 5. Bd3 {[%clk 01:31:11]} {[%emt 00:00:05]} O-O {[%emt 00:02:01]} 6.
O-O {[%emt 00:02:14]} cxd4 {[%clk 01:29:57]} {[%emt 00:00:05]} 7. exd4 {[%clk
01:30:23]} {[%emt 00:00:02]} d6 {[%clk 01:30:14]} {[%emt 00:00:13]} 8. Nbd2
{[%clk 01:27:57]} {[%emt 00:02:55]} Nc6 {[%clk 01:28:59]} {[%emt 00:01:44]} 9.
Nb3 {[%clk 00:54:18]} {[%emt 00:34:10]} Nh5 {[%clk 01:25:34]} {[%emt 00:03:55]}
10. Bg5 {[%clk 00:50:10]} {[%emt 00:04:40]} h6 {[%clk 01:24:39]} {[%emt
00:01:23]} 11. Bh4 {[%clk 00:44:27]} {[%emt 00:06:14]} g5 {[%clk 01:24:25]}
{[%emt 00:00:43]} 12. Nxg5 {[%clk 00:41:44]} {[%emt 00:03:14]} Nf4 {[%clk
01:12:09]} {[%emt 00:12:44]} 13. Nf3 {[%clk 00:39:23]} {[%emt 00:02:52]} Qc7
{[%clk 01:09:04]} {[%emt 00:03:35]} 14. Bg3 {[%clk 00:32:45]} {[%emt 00:07:09]}
Nxd3 {[%clk 00:59:34]} {[%emt 00:10:00]} 15. Qxd3 {[%clk 00:33:00]} {[%emt
00:00:16]} Nb4 {[%clk 00:54:51]} {[%emt 00:05:12]} 16. Qd2 {[%clk 00:29:02]}
{[%emt 00:04:28]} Nd5 {[%clk 00:51:26]} {[%emt 00:03:55]} 17. c3 {[%clk
00:26:55]} {[%emt 00:02:37]} Bf5 {[%clk 00:49:35]} {[%emt 00:02:21]} 18. Rfe1
{[%clk 00:21:35]} {[%emt 00:05:50]} b5 {[%clk 00:42:33]} {[%emt 00:07:33]} 19.
Rac1 {[%clk 00:20:04]} {[%emt 00:02:01]} a5 {[%clk 00:41:01]} {[%emt 00:02:01]}
20. a3 {[%clk 00:18:20]} {[%emt 00:02:14]} Rfc8 {[%clk 00:36:27]} {[%emt
00:05:05]} 21. Na1 {[%clk 00:15:08]} {[%emt 00:03:43]} Ra6 {[%clk 00:33:03]}
{[%emt 00:03:53]} 22. Nc2 {[%clk 00:13:07]} {[%emt 00:02:31]} Bxc2 {[%clk
00:25:56]} {[%emt 00:07:37]} 23. Rxc2 {[%clk 00:10:18]} {[%emt 00:03:19]} Rc6
{[%clk 00:26:04]} {[%emt 00:00:21]} 24. Qe2 {[%clk 00:02:39]} {[%emt 00:08:10]}
b4 {[%clk 00:22:07]} {[%emt 00:04:27]} 25. axb4 {[%clk 00:03:07]} {[%emt
00:00:03]} axb4 {[%clk 00:22:31]} {[%emt 00:00:05]} 26. Qb5 {[%clk 00:03:01]}
{[%emt 00:00:37]} e6 {[%clk 00:20:38]} {[%emt 00:02:22]} 27. Rec1 {[%clk
00:03:29]} {[%emt 00:00:01]} bxc3 {[%clk 00:20:33]} {[%emt 00:00:36]} 28. bxc3
{[%clk 00:03:57]} {[%emt 00:00:02]} Nxc3 {[%clk 00:19:49]} {[%emt 00:01:15]}
29. Bxd6 {[%clk 00:01:45]} {[%emt 00:02:41]} Qxd6 {[%clk 00:19:33]} {[%emt
00:00:47]} 30. Qd3 {[%clk 00:30:24]} {[%emt 00:01:51]} 0-1

[Event "DVM U20 2023"]
[Site "Magdeburg GER"]
[Date "2023.12.30"]
[Round "7"]
[White "Sohr, Jim"]
[Black "Bethke, Richard"]
[Result "0-1"]
[Termination "normal"]
[Board "4.1"]
[BlackTitle "FM"]
[WhiteElo "1979"]
[BlackElo "2354"]
[WhiteClock "00:21:35"]
[BlackClock "01:27:11"]
[WhiteTeam "SV Königsjäger Süd-West"]
[BlackTeam "SF Neuberg"]
[PlyCount "48"]
[WhiteFideId "16245105"]
[BlackFideId "12959243"]
[EventCountry "GER"]
[EventRounds "7"]
[EventType "team-swiss"]
[EventDate "2023.12.26"]

1. d4 {[%clk 01:30:44]} {[%emt 00:00:15]} Nf6 {[%clk 01:30:54]} {[%emt
00:00:07]} 2. c4 {[%clk 01:31:07]} {[%emt 00:00:09]} e6 {[%clk 01:31:20]}
{[%emt 00:00:03]} 3. Nc3 {[%clk 01:31:10]} {[%emt 00:00:27]} Bb4 {[%clk
01:31:46]} {[%emt 00:00:04]} 4. a3 {[%clk 01:31:14]} {[%emt 00:00:27]} Bxc3+
{[%clk 01:31:53]} {[%emt 00:00:22]} 5. bxc3 {[%clk 01:31:37]} {[%emt 00:00:07]}
c5 {[%clk 01:32:05]} {[%emt 00:00:16]} 6. f3 {[%clk 01:31:44]} {[%emt
00:00:23]} d5 {[%clk 01:31:16]} {[%emt 00:01:20]} 7. cxd5 {[%clk 01:31:45]}
{[%emt 00:00:29]} Nxd5 {[%clk 01:31:14]} {[%emt 00:00:31]} 8. Qd2 {[%clk
01:18:47]} {[%emt 00:13:29]} O-O {[%clk 01:30:41]} {[%emt 00:01:03]} 9. e3
{[%clk 01:11:37]} {[%emt 00:07:40]} Nc6 {[%clk 01:29:38]} {[%emt 00:01:33]} 10.
Bd3 {[%clk 01:10:27]} {[%emt 00:01:39]} cxd4 {[%clk 01:29:19]} {[%emt
00:00:49]} 11. cxd4 {[%clk 01:09:05]} {[%emt 00:01:51]} e5 {[%clk 01:29:15]}
{[%emt 00:00:35]} 12. e4 {[%clk 00:54:45]} {[%emt 00:14:50]} Nf4 {[%clk
01:29:38]} {[%emt 00:00:05]} 13. d5 {[%clk 00:54:14]} {[%emt 00:01:02]} Nd4
{[%clk 01:30:04]} {[%emt 00:00:03]} 14. Rb1 {[%clk 00:45:27]} {[%emt 00:09:17]}
f5 {[%clk 01:30:15]} {[%emt 00:00:19]} 15. Bb2 {[%clk 00:43:37]} {[%emt
00:02:20]} Nxd3+ {[%clk 01:30:18]} {[%emt 00:00:27]} 16. Qxd3 {[%clk 00:42:04]}
{[%emt 00:02:03]} fxe4 {[%clk 01:30:04]} {[%emt 00:00:43]} 17. fxe4 {[%clk
00:41:23]} {[%emt 00:01:12]} Qg5 {[%clk 01:27:19]} {[%emt 00:03:13]} 18. g3
{[%clk 00:34:01]} {[%emt 00:07:53]} Bg4 {[%clk 01:27:35]} {[%emt 00:00:13]} 19.
Bxd4 {[%clk 00:31:06]} {[%emt 00:03:26]} exd4 {[%clk 01:27:57]} {[%emt
00:00:08]} 20. h4 {[%clk 00:24:40]} {[%emt 00:06:56]} Qf6 {[%clk 01:27:22]}
{[%emt 00:01:05]} 21. Ne2 {[%clk 00:23:25]} {[%emt 00:01:46]} Qf2+ {[%clk
01:26:28]} {[%emt 00:01:24]} 22. Kd2 {[%clk 00:23:45]} {[%emt 00:00:11]} Bxe2
{[%clk 01:26:53]} {[%emt 00:00:04]} 23. Qxe2 {[%clk 00:23:54]} {[%emt
00:00:22]} Qxg3 {[%clk 01:27:17]} {[%emt 00:00:06]} 24. Rhg1 {[%clk 00:21:35]}
{[%emt 00:02:49]} Qc3+ {[%clk 01:27:11]} {[%emt 00:00:35]} 0-1

[Event "DVM U20 2023"]
[Site "Magdeburg GER"]
[Date "2023.12.30"]
[Round "7"]
[White "Baranyai-Molnar, Adam-Kristof"]
[Black "Boissel, Kasimir"]
[Result "1-0"]
[Termination "normal"]
[Board "4.2"]
[WhiteElo "1965"]
[BlackElo "1819"]
[WhiteClock "01:03:28"]
[BlackClock "00:55:35"]
[WhiteTeam "SF Neuberg"]
[BlackTeam "SV Königsjäger Süd-West"]
[PlyCount "77"]
[WhiteFideId "768022"]
[BlackFideId "16298209"]
[EventCountry "GER"]
[EventRounds "7"]
[EventType "team-swiss"]
[EventDate "2023.12.26"]

1. e4 {[%clk 01:30:57]} {[%emt 00:00:02]} e6 {[%clk 01:29:33]} {[%emt
00:01:27]} 2. d4 {[%clk 01:31:21]} {[%emt 00:00:05]} d5 {[%clk 01:30:00]}
{[%emt 00:00:04]} 3. Nc3 {[%clk 01:31:48]} {[%emt 00:00:03]} dxe4 {[%clk
01:30:26]} {[%emt 00:00:05]} 4. Nxe4 {[%clk 01:32:14]} {[%emt 00:00:04]} Nd7
{[%clk 01:30:52]} {[%emt 00:00:05]} 5. Nf3 {[%clk 01:31:59]} {[%emt 00:00:45]}
Ngf6 {[%clk 01:31:16]} {[%emt 00:00:06]} 6. Nxf6+ {[%clk 01:32:21]} {[%emt
00:00:07]} Nxf6 {[%clk 01:31:37]} {[%emt 00:00:07]} 7. Bd3 {[%clk 01:32:18]}
{[%emt 00:00:35]} b6 {[%clk 01:31:36]} {[%emt 00:00:31]} 8. Bb5+ {[%clk
01:28:32]} {[%emt 00:04:15]} Bd7 {[%clk 01:31:34]} {[%emt 00:00:33]} 9. Bxd7+
{[%clk 01:28:00]} {[%emt 00:01:01]} Qxd7 {[%clk 01:31:04]} {[%emt 00:01:00]}
10. Ne5 {[%clk 01:25:32]} {[%emt 00:02:58]} Qd5 {[%clk 01:29:00]} {[%emt
00:02:33]} 11. c4 {[%clk 01:25:50]} {[%emt 00:00:13]} Qxg2 {[%clk 01:26:06]}
{[%emt 00:03:24]} 12. Qa4+ {[%clk 01:26:09]} {[%emt 00:00:11]} c6 {[%clk
01:25:48]} {[%emt 00:00:48]} 13. Qxc6+ {[%clk 01:19:49]} {[%emt 00:06:50]} Qxc6
{[%clk 01:24:58]} {[%emt 00:01:18]} 14. Nxc6 {[%clk 01:20:16]} {[%emt
00:00:05]} Rc8 {[%clk 01:23:10]} {[%emt 00:02:16]} 15. Ne5 {[%clk 01:20:29]}
{[%emt 00:00:18]} Nd7 {[%clk 01:21:55]} {[%emt 00:01:45]} 16. b3 {[%clk
01:19:35]} {[%emt 00:01:26]} Nxe5 {[%clk 01:20:38]} {[%emt 00:01:46]} 17. dxe5
{[%clk 01:20:03]} {[%emt 00:00:02]} Bb4+ {[%clk 01:20:38]} {[%emt 00:00:29]}
18. Bd2 {[%clk 01:20:13]} {[%emt 00:00:21]} Bxd2+ {[%clk 01:21:06]} {[%emt
00:00:02]} 19. Kxd2 {[%clk 01:20:38]} {[%emt 00:00:06]} Ke7 {[%clk 01:20:41]}
{[%emt 00:00:54]} 20. Kc3 {[%clk 01:16:24]} {[%emt 00:04:44]} Rc5 {[%clk
01:18:43]} {[%emt 00:02:28]} 21. f4 {[%clk 01:16:24]} {[%emt 00:00:29]} Rhc8
{[%clk 01:17:19]} {[%emt 00:01:53]} 22. Kb4 {[%clk 01:15:05]} {[%emt 00:01:51]}
g5 {[%clk 01:15:56]} {[%emt 00:01:54]} 23. fxg5 {[%clk 01:13:33]} {[%emt
00:02:01]} Rxe5 {[%clk 01:16:14]} {[%emt 00:00:11]} 24. h4 {[%clk 01:13:28]}
{[%emt 00:00:36]} Rd8 {[%clk 01:11:06]} {[%emt 00:05:39]} 25. Rae1 {[%clk
01:08:57]} {[%emt 00:04:58]} Rxe1 {[%clk 01:10:20]} {[%emt 00:01:18]} 26. Rxe1
{[%clk 01:09:26]} {[%emt 00:00:01]} a6 {[%clk 01:09:31]} {[%emt 00:01:18]} 27.
a4 {[%clk 01:09:48]} {[%emt 00:00:09]} h6 {[%clk 01:03:15]} {[%emt 00:06:47]}
28. a5 {[%clk 01:05:26]} {[%emt 00:04:51]} Rb8 {[%clk 01:01:09]} {[%emt
00:02:35]} 29. gxh6 {[%clk 01:02:25]} {[%emt 00:03:32]} f5 {[%clk 01:01:03]}
{[%emt 00:00:36]} 30. h7 {[%clk 01:01:46]} {[%emt 00:01:09]} Kf6 {[%clk
00:57:28]} {[%emt 00:04:05]} 31. axb6 {[%clk 01:01:46]} {[%emt 00:00:30]} Rxb6+
{[%clk 00:57:46]} {[%emt 00:00:12]} 32. Ka5 {[%clk 01:02:10]} {[%emt 00:00:05]}
Rb8 {[%clk 00:58:10]} {[%emt 00:00:06]} 33. c5 {[%clk 01:02:03]} {[%emt
00:00:37]} e5 {[%clk 00:57:12]} {[%emt 00:01:29]} 34. c6 {[%clk 01:02:14]}
{[%emt 00:00:18]} f4 {[%clk 00:57:16]} {[%emt 00:00:28]} 35. c7 {[%clk
01:02:32]} {[%emt 00:00:11]} Rh8 {[%clk 00:57:35]} {[%emt 00:00:09]} 36. Rg1
{[%clk 01:02:27]} {[%emt 00:00:36]} f3 {[%clk 00:55:12]} {[%emt 00:02:54]} 37.
Rg8 {[%clk 01:02:52]} {[%emt 00:00:05]} f2 {[%clk 00:55:29]} {[%emt 00:00:12]}
38. Rxh8 {[%clk 01:03:12]} {[%emt 00:00:10]} Ke7 {[%clk 00:55:35]} {[%emt
00:00:24]} 39. Rf8 {[%clk 01:03:28]} {[%emt 00:00:14]} 1-0

[Event "DVM U20 2023"]
[Site "Magdeburg GER"]
[Date "2023.12.30"]
[Round "7"]
[White "Sandlers, Philipp"]
[Black "Eull, Emil"]
[Result "0-1"]
[Termination "normal"]
[Board "4.3"]
[WhiteElo "1795"]
[BlackElo "2077"]
[WhiteClock "00:31:55"]
[BlackClock "00:20:04"]
[WhiteTeam "SV Königsjäger Süd-West"]
[BlackTeam "SF Neuberg"]
[PlyCount "90"]
[WhiteFideId "34606335"]
[BlackFideId "16253809"]
[EventCountry "GER"]
[EventRounds "7"]
[EventType "team-swiss"]
[EventDate "2023.12.26"]

1. d4 {[%clk 01:30:53]} {[%emt 00:00:07]} d5 {[%clk 01:30:52]} {[%emt
00:00:09]} 2. c4 {[%clk 01:31:17]} {[%emt 00:00:06]} e6 {[%clk 01:31:16]}
{[%emt 00:00:06]} 3. Nc3 {[%clk 01:31:37]} {[%emt 00:00:08]} Nf6 {[%clk
01:31:44]} {[%emt 00:00:04]} 4. cxd5 {[%clk 01:31:59]} {[%emt 00:00:09]} exd5
{[%clk 01:32:10]} {[%emt 00:00:03]} 5. Bg5 {[%clk 01:32:20]} {[%emt 00:00:07]}
c6 {[%clk 01:32:30]} {[%emt 00:00:10]} 6. e3 {[%clk 01:32:42]} {[%emt
00:00:08]} Be7 {[%clk 01:32:57]} {[%emt 00:00:04]} 7. Bd3 {[%clk 01:32:54]}
{[%emt 00:00:17]} Nbd7 {[%clk 01:33:20]} {[%emt 00:00:06]} 8. Qc2 {[%clk
01:33:11]} {[%emt 00:00:13]} h6 {[%clk 01:33:44]} {[%emt 00:00:08]} 9. Bh4
{[%clk 01:33:25]} {[%emt 00:00:16]} Nh5 {[%clk 01:34:07]} {[%emt 00:00:07]} 10.
Bxe7 {[%clk 01:33:21]} {[%emt 00:00:34]} Qxe7 {[%clk 01:34:35]} {[%emt
00:00:02]} 11. Nge2 {[%clk 01:32:57]} {[%emt 00:00:53]} Nb6 {[%clk 01:34:50]}
{[%emt 00:00:15]} 12. O-O {[%clk 01:31:43]} {[%emt 00:01:44]} O-O {[%clk
01:35:15]} {[%emt 00:00:06]} 13. Nd1 {[%clk 01:26:35]} {[%emt 00:05:37]} Bd7
{[%clk 01:32:54]} {[%emt 00:02:52]} 14. Rc1 {[%clk 01:17:38]} {[%emt 00:09:26]}
Nc8 {[%clk 01:29:35]} {[%emt 00:03:49]} 15. Ndc3 {[%clk 01:15:08]} {[%emt
00:03:00]} Nd6 {[%clk 01:22:21]} {[%emt 00:07:45]} 16. Na4 {[%clk 01:12:49]}
{[%emt 00:02:48]} Rac8 {[%clk 01:19:38]} {[%emt 00:03:13]} 17. Nc5 {[%clk
01:10:45]} {[%emt 00:02:35]} Bg4 {[%clk 01:13:59]} {[%emt 00:06:09]} 18. Rfe1
{[%clk 01:05:11]} {[%emt 00:06:02]} Qg5 {[%clk 01:06:40]} {[%emt 00:07:49]} 19.
Ng3 {[%clk 01:00:44]} {[%emt 00:04:57]} Nxg3 {[%clk 01:06:30]} {[%emt
00:00:41]} 20. hxg3 {[%clk 01:00:53]} {[%emt 00:00:20]} Rfe8 {[%clk 00:59:22]}
{[%emt 00:07:39]} 21. Qa4 {[%clk 00:57:35]} {[%emt 00:03:47]} Ra8 {[%clk
00:52:03]} {[%emt 00:07:49]} 22. Qb4 {[%clk 00:52:18]} {[%emt 00:05:47]} Red8
{[%clk 00:32:15]} {[%emt 00:20:18]} 23. a4 {[%clk 00:49:30]} {[%emt 00:03:18]}
Rab8 {[%clk 00:22:18]} {[%emt 00:10:27]} 24. a5 {[%clk 00:43:18]} {[%emt
00:06:42]} Bf5 {[%clk 00:19:29]} {[%emt 00:03:20]} 25. Be2 {[%clk 00:35:33]}
{[%emt 00:08:13]} h5 {[%clk 00:17:54]} {[%emt 00:02:07]} 26. a6 {[%clk
00:33:35]} {[%emt 00:02:28]} bxa6 {[%clk 00:12:24]} {[%emt 00:06:00]} 27. Qa3
{[%clk 00:32:16]} {[%emt 00:01:49]} h4 {[%clk 00:10:52]} {[%emt 00:02:02]} 28.
gxh4 {[%clk 00:31:40]} {[%emt 00:01:05]} Qxh4 {[%clk 00:11:13]} {[%emt
00:00:10]} 29. Qxa6 {[%clk 00:24:15]} {[%emt 00:07:54]} Ne4 {[%clk 00:08:44]}
{[%emt 00:02:59]} 30. Nxe4 {[%clk 00:24:09]} {[%emt 00:00:35]} Bxe4 {[%clk
00:09:13]} {[%emt 00:00:02]} 31. Qxc6 {[%clk 00:21:41]} {[%emt 00:03:00]} Rb6
{[%clk 00:09:17]} {[%emt 00:00:25]} 32. Qc7 {[%clk 00:18:41]} {[%emt 00:03:29]}
Rh6 {[%clk 00:08:28]} {[%emt 00:01:20]} 33. f3 {[%clk 00:18:32]} {[%emt
00:00:39]} Rdd6 {[%clk 00:04:19]} {[%emt 00:04:38]} 34. Qc8+ {[%clk 00:17:03]}
{[%emt 00:01:59]} Kh7 {[%clk 00:04:36]} {[%emt 00:00:12]} 35. Qg4 {[%clk
00:17:07]} {[%emt 00:00:26]} Qh2+ {[%clk 00:02:46]} {[%emt 00:02:21]} 36. Kf2
{[%clk 00:17:11]} {[%emt 00:00:25]} Rdg6 {[%clk 00:02:33]} {[%emt 00:00:42]}
37. Rh1 {[%clk 00:16:51]} {[%emt 00:00:51]} Rxg4 {[%clk 00:02:35]} {[%emt
00:00:29]} 38. Rxh2 {[%clk 00:17:07]} {[%emt 00:00:14]} Rxh2 {[%clk 00:03:03]}
{[%emt 00:00:02]} 39. fxg4 {[%clk 00:17:10]} {[%emt 00:00:25]} Rxg2+ {[%clk
00:03:32]} {[%emt 00:00:03]} 40. Ke1 {[%clk 00:17:14]} {[%emt 00:00:26]} Kg6
{[%clk 00:02:32]} {[%emt 00:01:26]} 41. b4 {[%clk 00:11:17]} {[%emt 00:06:31]}
Rg1+ {[%clk 00:24:33]} {[%emt 00:08:28]} 42. Bf1 {[%clk 00:38:36]} {[%emt
00:03:10]} Bd3 {[%clk 00:20:36]} {[%emt 00:04:28]} 43. Kd2 {[%clk 00:32:22]}
{[%emt 00:06:44]} Bxf1 {[%clk 00:20:49]} {[%emt 00:00:17]} 44. Kc3 {[%clk
00:31:42]} {[%emt 00:01:10]} Rh1 {[%clk 00:20:12]} {[%emt 00:01:07]} 45. Ra1
{[%clk 00:31:55]} {[%emt 00:00:17]} a6 {[%clk 00:20:04]} {[%emt 00:00:39]} 0-1